Baby sitters little sister #1 : (Record no. 6306)

MARC details
000 -LEADER
fixed length control field 01310nam a22003017a 4500
001 - CONTROL NUMBER
control field 6306
003 - CONTROL NUMBER IDENTIFIER
control field FISKH
005 - DATE AND TIME OF LATEST TRANSACTION
control field 20250826093918.0
008 - FIXED-LENGTH DATA ELEMENTS--GENERAL INFORMATION
fixed length control field 250409b cb ||||| |||| 00| 0 eng d
020 ## - INTERNATIONAL STANDARD BOOK NUMBER
International Standard Book Number 9780590443005
040 ## - CATALOGING SOURCE
Original cataloging agency FISKH
Language of cataloging eng
Transcribing agency FISKH
Modifying agency FISKH
050 ## - LIBRARY OF CONGRESS CALL NUMBER
Classification number PZ7.M3567585 K
082 ## - DEWEY DECIMAL CLASSIFICATION NUMBER
Classification number 741.5
100 ## - MAIN ENTRY--PERSONAL NAME
Personal name M.Martin, Ann
Dates associated with a name (1955–)
245 ## - TITLE STATEMENT
Title Baby sitters little sister #1 :
Remainder of title Karen's witch /
Statement of responsibility, etc. Ann M. Martin ; Illustrations by Susan Tang
250 ## - EDITION STATEMENT
Edition statement This edition first published in 1988
260 ## - PUBLICATION, DISTRIBUTION, ETC.
Place of publication, distribution, etc. New York :
Name of publisher, distributor, etc. Scholastic,
Date of publication, distribution, etc. 1988
300 ## - PHYSICAL DESCRIPTION
Extent 97 pages :
Other physical details illustrations ;
Dimensions 20 cm
505 ## - FORMATTED CONTENTS NOTE
Formatted contents note N<br/>
520 ## - SUMMARY, ETC.
Summary, etc. Is she Mrs. Porter...or a witch? Karen lives next door to an old lady named Mrs. Porter. Mrs. Porter wears long black robes and has wild gray hair. Her black cat is named Midnight. No wonder Karen thinks Mrs. Porter is a witch! Mrs. Porter is having a meeting at her house. Karen is sure the meeting is for witches. Are the witches going to cast a spell on Karen? Or will she be brave enough to send them away-once and for all?<br/>
521 8# - TARGET AUDIENCE NOTE
Target audience note 550<br/>
Source Lexile<br/>
521 8# - TARGET AUDIENCE NOTE
Target audience note N<br/>
Source Raz-Plus<br/>
650 ## - SUBJECT ADDED ENTRY--TOPICAL TERM
Source of heading or term Baby-Sitters Club
Topical term or geographic name entry element Chapter book
650 ## - SUBJECT ADDED ENTRY--TOPICAL TERM
Source of heading or term Realistic fiction
Topical term or geographic name entry element Babysitters
700 ## - ADDED ENTRY--PERSONAL NAME
Personal name Tang, Susan
Dates associated with a name illustrator
942 ## - ADDED ENTRY ELEMENTS (KOHA)
Source of classification or shelving scheme Dewey Decimal Classification
Koha item type Books
Suppress in OPAC No
Holdings
Withdrawn status Lost status Source of classification or shelving scheme Damaged status Not for loan Collection Home library Current library Shelving location Date acquired Total Checkouts Full call number Barcode Date last seen Copy number Price effective from Koha item type
    Dewey Decimal Classification     Juvenile Fiction Footprints International School Library Network Toul Tom Poung Campus Footprints International School Library Network Toul Tom Poung Campus TTP Primary Yellow Bookshelves 04/09/2025   MAR 741.5 PZ7.M3567585 K 2025-1047 04/09/2025 1 04/09/2025 Books
    Dewey Decimal Classification     Juvenile Fiction Footprints International School Library Network Toul Tom Poung Campus Footprints International School Library Network Toul Tom Poung Campus TTP Primary Yellow Bookshelves 08/26/2025   MAR 741.5 PZ7.M3567585 K FISBK00867 08/26/2025 2 08/26/2025 Books